Religion Quiz

Random Religion or Bible Quiz

Common Biblical Passages - Slot Machine XII Quiz Stats

Quiz not verified by Sporcle

Challenge
Share
Tweet
Embed
Score 0/30 Timer 06:00
0 Plays Today
Slot Complete Phrase % Correct
according toaccording to the commandment of the LORD,
85.7%
And onAnd on the seventh day
85.7%
the commandmentaccording to the commandment of the LORD,
85.7%
the seventhAnd on the seventh day
85.7%
dayAnd on the seventh day
85.7%
of the LORD,according to the commandment of the LORD,
85.7%
from thefrom the land of Egypt
82.1%
Thus saithThus saith the LORD, Behold, I will
82.1%
land offrom the land of Egypt
82.1%
the LORD,Thus saith the LORD, Behold, I will
82.1%
Behold, I willThus saith the LORD, Behold, I will
82.1%
Egyptfrom the land of Egypt
82.1%
it shall beit shall be a statute for ever
80.4%
the landthe land of the Chaldeans;
80.4%
a statuteit shall be a statute for ever
80.4%
Slot Complete Phrase % Correct
of thethe land of the Chaldeans;
80.4%
Chaldeans;the land of the Chaldeans;
80.4%
for everit shall be a statute for ever
80.4%
And itAnd it shall come to pass, if
78.6%
And say,And say, Thus saith the Lord GOD;
78.6%
of theof the tribe of Benjamin,
78.6%
shall come toAnd it shall come to pass, if
78.6%
Thus saith theAnd say, Thus saith the Lord GOD;
78.6%
tribe ofof the tribe of Benjamin,
78.6%
Benjamin,of the tribe of Benjamin,
78.6%
Lord GOD;And say, Thus saith the Lord GOD;
78.6%
pass, ifAnd it shall come to pass, if
78.6%
according toaccording to the house of their fathers,
76.8%
the house ofaccording to the house of their fathers,
76.8%
their fathers,according to the house of their fathers,
76.8%

You're not logged in!

Compare scores with friends on all Sporcle quizzes.
Join for Free
OR
Log In

You Might Also Like...

Show Comments

Extras

Top Quizzes Today


Score Distribution

Your Account Isn't Verified!

In order to create a playlist on Sporcle, you need to verify the email address you used during registration. Go to your Sporcle Settings to finish the process.

Report this User

Report this user for behavior that violates our Community Guidelines.

Details: